000 00875nam a2200217Ia 4500
999 _c38964
_d38964
001 5416
003 GE_BSU
005 20190521181423.0
008 181216s1972||||ge |||||||||||||| ||geo||
040 _cGE_BSU
041 _ageo
080 _a626.8(072) + 631 ბ-33
100 _aბაღიშვილი, მ.
_91473
245 _aსაინჟინრო მელიორაციის მოკლე კურსი :
_bდამხმ. სახელმძღ. /
_cმ. ბაღიშვილი ; რედ. ე. კირვალიძე.
264 _aთბილისი :
_bსპი,
_c1972.
300 _a118 გვ. :
_bილ. ;
_c20 სმ.
504 _aბიბლიოგრ. : გვ.116.
653 _aსაინჟინრო მელიორაცია
700 _aკირვალიძე, ე.
_91474
942 _cBK
_2udc